000 00534nam a2200169Ia 4500
999 _c26367
_d26367
003 OSt
005 20201208105139.0
008 190216s9999||||xx |||||||||||||| ||und||
040 _coclc
082 _a894.8124
_bPIL/M
100 _aPillai, G Sankara
_97094
245 0 _aMalayala Nataka Sahitya Charitram /
_cG Sankara Pillai
260 _bSahithya Pravarthaka Sahakarana Sangam,
_aKottayam:
_c1987.
300 _a186p
650 _aMalayalam Charithram
942 _cBK
_2ddc
_h894.8124
_iPIL/M
_k894.8124
_mPIL/M